000 004790000a22001810004500
003 MACL
005 20151028132109.0
008 151028b xxu||||| |||| 00| 0 eng d
040 _aMACL
_cMACL
041 _aEnglish
082 _a294/HEE
100 _aHeera, Bhupender
_917155
245 _aImpact of buddhism on socio religious life of the asian people
260 _bDecent books
_c2007
_aNew Delhi
350 _a550
650 _aReligion
_917156
942 _cBK
_k294/HEE
_2ddc
999 _c44442
_d44442